<?xml version="1.0" encoding="UTF-8"?><record xmlns="http://www.loc.gov/MARC21/slim" xmlns:zs="http://docs.oasis-open.org/ns/search-ws/sruResponse">
  <leader>01356cem a22003737a 4500</leader>
  <controlfield tag="001">5487938</controlfield>
  <controlfield tag="005">20250607183708.2</controlfield>
  <controlfield tag="007">cr||||</controlfield>
  <controlfield tag="007">ay|aanzn</controlfield>
  <controlfield tag="008">860421q18801889cau       a     1   eng  </controlfield>
  <datafield ind1=" " ind2=" " tag="035">
    <subfield code="a">5487938</subfield>
  </datafield>
  <datafield ind1=" " ind2=" " tag="906">
    <subfield code="a">7</subfield>
    <subfield code="b">cbc</subfield>
    <subfield code="c">orignew</subfield>
    <subfield code="d">u</subfield>
    <subfield code="e">ncip</subfield>
    <subfield code="f">19</subfield>
    <subfield code="g">y-geogmaps</subfield>
  </datafield>
  <datafield ind1=" " ind2=" " tag="955">
    <subfield code="a">ga06;ga14</subfield>
  </datafield>
  <datafield ind1=" " ind2=" " tag="010">
    <subfield code="a">   86690660 </subfield>
  </datafield>
  <datafield ind1="0" ind2=" " tag="034">
    <subfield code="a">a</subfield>
  </datafield>
  <datafield ind1=" " ind2=" " tag="035">
    <subfield code="9">(DLC)   86690660</subfield>
  </datafield>
  <datafield ind1=" " ind2=" " tag="040">
    <subfield code="a">DLC</subfield>
    <subfield code="c">DLC</subfield>
    <subfield code="d">DLC</subfield>
  </datafield>
  <datafield ind1="0" ind2="0" tag="050">
    <subfield code="a">G4364.C77A3 188- </subfield>
    <subfield code="b">.M6 MLC</subfield>
  </datafield>
  <datafield ind1=" " ind2=" " tag="052">
    <subfield code="a">4364</subfield>
    <subfield code="b">C77</subfield>
  </datafield>
  <datafield ind1="1" ind2=" " tag="100">
    <subfield code="a">Moore, E. S.</subfield>
  </datafield>
  <datafield ind1="0" ind2="0" tag="245">
    <subfield code="a">Bird's eye view of Coronado Beach, San Diego Bay and city of San Diego, Cal. in distance /</subfield>
    <subfield code="c">sketch by E.S. Moore ; Crocker &amp; Co., lith., S.F.</subfield>
  </datafield>
  <datafield ind1=" " ind2=" " tag="255">
    <subfield code="a">Not drawn to scale.</subfield>
  </datafield>
  <datafield ind1=" " ind2=" " tag="260">
    <subfield code="a">[San Diego] :</subfield>
    <subfield code="b">Coronado Beach Co.,</subfield>
    <subfield code="c">[188-]</subfield>
  </datafield>
  <datafield ind1=" " ind2=" " tag="300">
    <subfield code="a">1 view ;</subfield>
    <subfield code="c">46 x 64 cm.</subfield>
  </datafield>
  <datafield ind1=" " ind2=" " tag="500">
    <subfield code="a">Indexed.</subfield>
  </datafield>
  <datafield ind1="4" ind2=" " tag="510">
    <subfield code="a">LC Panoramic maps (2nd ed.)</subfield>
    <subfield code="c">19.1</subfield>
  </datafield>
  <datafield ind1=" " ind2=" " tag="530">
    <subfield code="a">Available also through the Library of Congress Web site as a raster image.</subfield>
  </datafield>
  <datafield ind1=" " ind2="0" tag="651">
    <subfield code="a">Coronado (Calif.)</subfield>
    <subfield code="x">Aerial views.</subfield>
  </datafield>
  <datafield ind1=" " ind2=" " tag="752">
    <subfield code="a">United States</subfield>
    <subfield code="b">California</subfield>
    <subfield code="d">Coronado.</subfield>
  </datafield>
  <datafield ind1="0" ind2=" " tag="852">
    <subfield code="a">Library of Congress</subfield>
    <subfield code="b">Geography and Map Division</subfield>
    <subfield code="e">Washington, D.C. 20540-4650 USA</subfield>
    <subfield code="n">dcu</subfield>
  </datafield>
  <datafield ind1="4" ind2="1" tag="856">
    <subfield code="d">g4364c</subfield>
    <subfield code="f">pm000191</subfield>
    <subfield code="u">http://hdl.loc.gov/loc.gmd/g4364c.pm000191</subfield>
    <subfield code="q">c</subfield>
  </datafield>
  <datafield ind1=" " ind2=" " tag="985">
    <subfield code="a">GMD/PMMAP</subfield>
    <subfield code="e">ammem</subfield>
  </datafield>
  <datafield ind1=" " ind2=" " tag="985">
    <subfield code="a">GMD/CITYMAP</subfield>
    <subfield code="e">ammem</subfield>
  </datafield>
  <datafield ind1=" " ind2=" " tag="991">
    <subfield code="b">c-G&amp;M</subfield>
    <subfield code="h">G4364.C77A3 188- </subfield>
    <subfield code="i">.M6 MLC</subfield>
    <subfield code="t">Copy 1</subfield>
    <subfield code="w">MAPS</subfield>
  </datafield>
</record>
